MARC

LEADER 00000nam0a2200000 4500
001 45464
005 20251215170008.0
010 |a 5852091103 
035 |a (RuTPU)RU\TPU\book\47282 
090 |a 45464 
100 |a 20021210d2002 km y0rusy50 ca 
101 0 |a rus 
102 |a RU 
105 |a y z 001zy 
200 1 |a Как возникло человечество  |f Ю. И. Семенов 
205 |a 2-е изд., с новым предисл. и прил. 
210 |a Москва  |c Гос. публ. ист. б-ка России  |d 2002 
215 |a 790 с. 
320 |a Библиогр.: с. 659-715. 
320 |a Предм. указ.: с. 716-724. 
606 1 |a Человечество  |x История возникновения  |2 stltpush  |3 (RuTPU)RU\TPU\subj\58993  |9 76661 
610 1 |a история 
610 1 |a всемирная история 
610 1 |a человеческое общество 
610 1 |a становление 
610 1 |a родовые общества 
610 1 |a человек 
610 1 |a происхождение 
610 1 |a зоологические объединения 
610 1 |a стадо 
610 1 |a первобытный строй 
610 1 |a производство 
610 1 |a производительные силы 
610 1 |a каменный век 
610 1 |a орудия труда 
610 1 |a первобытное человеческое стадо 
610 1 |a магия 
610 1 |a религия 
610 1 |a неандертальцы 
610 1 |a тотемизм 
686 |a Т3(0)2  |2 rubbk 
700 1 |a Семенов  |b Ю. И.  |g Юрий Иванович 
712 0 2 |a Государственная публичная историческая библиотека России  |c Москва  |c 1991-  |9 23606 
801 1 |a RU  |b 63413507  |c 20021210  |g PSBO 
801 2 |a RU  |b 63413507  |c 20230323  |g PSBO 
942 |c BK